00631nam a2200181Ia 4500003000900000008004100009020001800050040001600068080001900084100002200103245020800125260003700333300001000370650001700380650001700397650000800414700002700422IN-BaIIA211028s9999 xx 000 0 eng d a0-7923-4218-6 cIIA Library a523.985.3bSAK aSakai, Jun-Ichi  0aSolar flares and collisions between current-carrying loopsbtypes and mechanisms of solar flares and coronal loop heatincJun-Ichi Sakai and Cornelis de Jager  aDordrechtbKluwer Academicc1996 a192p. aCoronal loop aSolar flares aSun aJager, Cornelis de